[Event "Women's Speed Chess Q4"]
[Site "chess.com INT"]
[Date "2021.06.03"]
[Round "5"]
[White "Gaponenko, Inna"]
[Black "Vargas, Gabriela"]
[Result "0-1"]
[WhiteTitle "IM"]
[BlackTitle "WIM"]
[WhiteElo "2357"]
[BlackElo "2170"]
[WhiteFideId "14101181"]
[BlackFideId "3700860"]
[EventDate "2021.06.03"]

1. e4 e6 2. d4 d5 3. exd5 exd5 4. Nf3 Nc6 5. Bb5 Bd6 6. c4 a6 7. Bxc6+ bxc6 8.
c5 Be7 9. O-O Nf6 10. Ne5 Bd7 11. Nc3 O-O 12. Bf4 Ne4 13. Re1 Nxc3 14. bxc3 Bf6
15. Qd3 g6 16. Qg3 Kg7 17. Nxd7 Qxd7 18. Bxc7 Rfe8 19. h3 Qf5 20. Rab1 Qc2 21.
a3 Re2 22. Rxe2 Qxe2 23. Rb7 Re8 24. Bf4 Qd1+ 25. Kh2 Re1 26. Qg4 Rh1+ 27. Kg3
Qd3+ 28. Qf3 Qf5 29. Be3 Qe6 30. Qf4 g5 31. Qd6 Qf5 32. Qd7 Qg6 33. Rc7 h5 34.
Rxc6 h4+ 35. Kg4 Rg1 0-1

[Event "Women's Speed Chess Q4"]
[Site "chess.com INT"]
[Date "2021.06.03"]
[Round "5"]
[White "Bivol, Alina"]
[Black "Sviridova, Vlada"]
[Result "0-1"]
[WhiteTitle "WGM"]
[BlackTitle "WFM"]
[WhiteElo "2385"]
[BlackElo "2144"]
[WhiteFideId "4100123"]
[BlackFideId "24109606"]
[EventDate "2021.06.03"]

1. d4 d5 2. c4 c6 3. Nf3 Nf6 4. e3 Bf5 5. Nc3 e6 6. Be2 Be7 7. O-O O-O 8. h3 h6
9. c5 Nbd7 10. b4 a6 11. a4 Ne4 12. Bd2 Bf6 13. b5 axb5 14. axb5 Rxa1 15. Qxa1
Nxd2 16. Nxd2 e5 17. Nf3 exd4 18. exd4 Be4 19. bxc6 bxc6 20. Rd1 Qc7 21. Qc1
Bxf3 22. Bxf3 Rb8 23. Ne2 Nf8 24. Bg4 g6 25. Ng3 Kg7 26. Qe3 Rb4 27. Ne2 h5 28.
Bxh5 gxh5 29. Ng3 Ne6 30. Nxh5+ Kg6 31. Qd3+ Kxh5 32. Qh7+ Kg5 33. h4+ Kg4 34.
Re1 Ng7 35. Re3 Nf5 36. f3+ Kf4 37. Re1 Kg3 38. Qxf5 Bxd4+ 39. Kh1 Kf2 40. Rd1
Be3 41. Qd3 Rxh4# 0-1

[Event "Women's Speed Chess Q4"]
[Site "chess.com INT"]
[Date "2021.06.03"]
[Round "5"]
[White "Corrales Jimenez, Zenia"]
[Black "Tarini, Goyal"]
[Result "1-0"]
[WhiteTitle "WIM"]
[BlackTitle "WFM"]
[WhiteElo "2221"]
[BlackElo "2164"]
[WhiteFideId "3506355"]
[BlackFideId "5082749"]
[EventDate "2021.06.03"]

1. e4 c5 2. d4 cxd4 3. c3 Nf6 4. e5 Nd5 5. cxd4 e6 6. Nf3 Nc6 7. Bc4 d6 8. O-O
Qc7 9. Qe2 Nb6 10. Bb5 Bd7 11. Nc3 dxe5 12. dxe5 Be7 13. Bf4 O-O 14. Rac1 Rfd8
15. Ne4 Nd5 16. Bg3 a6 17. Bc4 Be8 18. Nd6 Qb6 19. Bxd5 exd5 20. Nf5 Bf8 21. e6
fxe6 22. Qxe6+ Bf7 23. Qe2 d4 24. Ng5 Bd5 25. Qh5 h6 26. Nxh6+ gxh6 27. Qg6+ Bg7
28. Nh7 Bf7 29. Nf6+ Kf8 30. Qf5 Ne7 31. Nh7+ Kg8 32. Qf3 Bg6 33. Bc7 Qe6 34.
Rfe1 Qf7 35. Qxf7+ Kxf7 36. Bxd8 Rxd8 37. Rc7 Bxh7 38. Rexe7+ Kf6 39. Rxg7 Bg6
40. Rgd7 Rxd7 41. Rxd7 d3 42. Kf1 Ke6 43. Rd4 Ke5 44. Rd8 Ke4 45. Ke1 Bf5 46.
Kd2 Ke5 47. f3 b5 48. Ra8 1-0

[Event "Women's Speed Chess Q4"]
[Site "chess.com INT"]
[Date "2021.06.03"]
[Round "5"]
[White "Ziegenfuss, Antonia"]
[Black "Klinova, Masha"]
[Result "0-1"]
[WhiteTitle "WFM"]
[BlackTitle "IM"]
[WhiteElo "2157"]
[BlackElo "2275"]
[WhiteFideId "12962554"]
[BlackFideId "2802015"]
[EventDate "2021.06.03"]

1. d4 d6 2. c4 e5 3. Nc3 exd4 4. Qxd4 Nc6 5. Qd2 Nf6 6. b3 Be6 7. g3 d5 8. Bh3
Bxh3 9. Nxh3 dxc4 10. bxc4 Bb4 11. Qe3+ Qe7 12. Qxe7+ Kxe7 13. Bd2 Rad8 14. a3
Rxd2 15. axb4 Rc2 16. Nb5 Nxb4 17. O-O a6 18. Na3 Rxe2 19. Nf4 Re4 20. Rab1 c5
21. Rfe1 Rxe1+ 22. Rxe1+ Kd6 23. Rd1+ Kc6 24. Re1 Re8 25. Rd1 g5 26. Ng2 Re2 27.
Ne3 Ra2 28. Nb1 Ne4 29. f3 Nd6 30. Nc3 Ra3 31. Ncd5 Nxd5 32. cxd5+ Kd7 33. Kf2
Ra2+ 34. Kg1 b5 35. Ng4 c4 36. Nf6+ Kc7 37. Nxh7 c3 38. Nxg5 c2 39. Rc1 b4 40.
Ne4 Nxe4 41. fxe4 b3 42. Kf2 Kd6 43. Ke3 b2 44. Rxc2 b1=Q 45. Rc6+ Kd7 0-1

[Event "Women's Speed Chess Q4"]
[Site "chess.com INT"]
[Date "2021.06.03"]
[Round "5"]
[White "Vo, Thi Kim Phung"]
[Black "Pham, Le Thao Nguyen"]
[Result "1-0"]
[WhiteTitle "WGM"]
[BlackTitle "IM"]
[WhiteElo "2335"]
[BlackElo "2369"]
[WhiteFideId "12401838"]
[BlackFideId "12401226"]
[EventDate "2021.06.03"]

1. d4 d5 2. c4 c6 3. Nc3 Nf6 4. Nf3 a6 5. c5 Bf5 6. Bf4 Nbd7 7. h3 h6 8. e3 g5
9. Bh2 Bg7 10. Be2 O-O 11. O-O Re8 12. Ne5 Ne4 13. f4 e6 14. Bh5 Nxe5 15. fxe5
Rf8 16. Bg4 Bg6 17. Rc1 Qe7 18. Bh5 Bh7 19. Bf3 Nxc3 20. bxc3 b5 21. Qe2 Qd7 22.
h4 gxh4 23. e4 dxe4 24. Bxe4 f5 25. Bf3 Rac8 26. Qf2 Qe7 27. Bf4 Kh8 28. Kh2 Rg8
29. Rh1 Bf8 30. Kg1 Rc7 31. Rxh4 Rg6 32. Kf1 Rg5 33. Ke2 Kg8 34. Rch1 Bg6 35.
Rxh6 Bxh6 36. Rxh6 Bf7 37. Qh4 Rxg2+ 38. Bxg2 Qxh4 39. Rxh4 Kg7 40. Bg5 Kg6 41.
Bf6 1-0

[Event "Women's Speed Chess Q4"]
[Site "chess.com INT"]
[Date "2021.06.03"]
[Round "5"]
[White "Priyanka, K"]
[Black "Grigoryan, Meri"]
[Result "0-1"]
[WhiteTitle "WIM"]
[BlackTitle "WFM"]
[WhiteElo "2218"]
[BlackElo "2044"]
[WhiteFideId "5082986"]
[BlackFideId "13300571"]
[EventDate "2021.06.03"]

1. e4 e5 2. Nf3 Nc6 3. Bb5 Nf6 4. d3 Bc5 5. O-O Nd4 6. Nxd4 Bxd4 7. c3 Bb6 8.
Bg5 c6 9. Bc4 h6 10. Bxf6 Qxf6 11. Nd2 d6 12. a4 O-O 13. a5 Bc7 14. Kh1 Be6 15.
b4 Bxc4 16. Nxc4 d5 17. Ne3 Rfd8 18. Qe2 d4 19. cxd4 Rxd4 20. Nc2 Rd7 21. Rad1
Rad8 22. Rd2 Qe7 23. Rfd1 c5 24. a6 bxa6 25. bxc5 Ba5 26. Ne3 Bxd2 27. Rxd2 Qxc5
28. Nd5 a5 29. Rc2 Rb8 30. g3 Qb5 31. Kg2 a4 32. Qg4 Kf8 33. Nc7 Qxd3 34. Rc5 a3
35. Qf5 Rb6 36. Nd5 Rd8 37. Nxb6 axb6 38. Rc7 Qb3 39. Qxe5 Re8 40. Qd6+ Kg8 0-1

[Event "Women's Speed Chess Q4"]
[Site "chess.com INT"]
[Date "2021.06.03"]
[Round "5"]
[White "Daulyte-Cornette, Deimante"]
[Black "Linares Napoles, Oleiny"]
[Result "0-1"]
[WhiteTitle "IM"]
[BlackTitle "WGM"]
[WhiteElo "2387"]
[BlackElo "2255"]
[WhiteFideId "12802859"]
[BlackFideId "3504794"]
[EventDate "2021.06.03"]

1. e4 d6 2. d4 g6 3. Nc3 Bg7 4. f4 c6 5. Nf3 d5 6. e5 Bg4 7. Be2 e6 8. Be3 Bxf3
9. Bxf3 h5 10. O-O Ne7 11. Qd2 Nd7 12. Ne2 h4 13. b3 Nf5 14. c4 O-O 15. Rac1 b5
16. cxb5 cxb5 17. Rc6 Rc8 18. Rfc1 Rxc6 19. Rxc6 Ne7 20. Rc2 Qb6 21. Qc1 Nb8 22.
Bf2 Nf5 23. Rc7 Na6 24. Rc6 Qb7 25. g4 hxg3 26. hxg3 Ne7 27. Rc2 Rc8 28. Kg2
Rxc2 29. Qxc2 Nb4 30. Qd2 a5 31. a3 Nbc6 32. Qc3 Bf8 33. Be1 Nf5 34. Bf2 Bxa3
35. g4 Bb4 36. Qc2 Nfe7 37. f5 gxf5 38. gxf5 Nxf5 39. Qc1 Nce7 40. Qg5+ Kf8 41.
Qf6 Ke8 42. Qh8+ Kd7 43. Qh7 Qc8 44. Qxf7 Qg8+ 45. Qxg8 Nxg8 46. Bg4 Nge7 47.
Kf3 a4 48. bxa4 bxa4 49. Nc1 Bc3 50. Ne2 Bb2 51. Be1 a3 52. Bc3 Bxc3 53. Nxc3
Nxd4+ 54. Ke3 Nec6 55. Kd3 Ke7 56. Bd1 Nf5 57. Na2 Nxe5+ 58. Kc3 Nc4 59. Kb3 e5
60. Nc3 Ke6 61. Bg4 Nd2+ 62. Kc2 d4 0-1

[Event "Women's Speed Chess Q4"]
[Site "chess.com INT"]
[Date "2021.06.03"]
[Round "5"]
[White "Szente Varga, Fruzsina"]
[Black "Kanyamarala, Trisha"]
[Result "0-1"]
[WhiteTitle "WFM"]
[BlackTitle "WIM"]
[WhiteElo "2100"]
[BlackElo "2180"]
[WhiteFideId "712264"]
[BlackFideId "45004722"]
[EventDate "2021.06.03"]

1. e4 c5 2. Nf3 d6 3. d4 cxd4 4. Qxd4 Nc6 5. Bb5 a6 6. Bxc6+ bxc6 7. c4 e5 8.
Qd3 Nf6 9. Nc3 Qc7 10. O-O h6 11. h3 Be7 12. b3 O-O 13. Ba3 Rd8 14. Rad1 Be6 15.
Rfe1 Nh5 16. Qe3 Nf4 17. Ne2 g5 18. Rd2 Qa5 19. b4 Qc7 20. Rc1 Qc8 21. Nxf4 gxf4
22. Qc3 f6 23. Rcd1 Kh7 24. Kh2 Rg8 25. Bb2 Qc7 26. a4 Rg7 27. b5 cxb5 28. axb5
axb5 29. cxb5 Qxc3 30. Bxc3 Rag8 31. Ne1 Rb8 32. Rb1 Bc4 33. b6 Bd8 34. Rxd6
Rgb7 35. Rxf6 Bxf6 36. Nc2 Bd3 37. Rc1 Bxc2 38. Rxc2 Rxb6 39. Rd2 R8b7 40. Ba5
Rc6 41. Rd5 Kg6 42. g3 fxg3+ 43. Kxg3 Rb3+ 44. f3 Kf7 45. Rd7+ Ke6 46. Rh7 Rd6
47. Rxh6 Rd7 48. Bd2 Rg7+ 49. Kf2 Rb2 50. Ke3 Rd7 51. Rg6 Rbxd2 52. f4 R7d3# 0-1

[Event "Women's Speed Chess Q4"]
[Site "chess.com INT"]
[Date "2021.06.03"]
[Round "5"]
[White "Potapova, Margarita"]
[Black "Dordzhieva, Dinara"]
[Result "1-0"]
[WhiteTitle "WIM"]
[BlackTitle "WGM"]
[WhiteElo "2252"]
[BlackElo "2334"]
[WhiteFideId "14126869"]
[BlackFideId "24157570"]
[EventDate "2021.06.03"]

1. d4 Nf6 2. c4 e6 3. Nf3 d5 4. g3 dxc4 5. Bg2 a6 6. O-O Nc6 7. e3 Bd7 8. Qe2 b5
9. b3 cxb3 10. axb3 Be7 11. Bd2 O-O 12. Rc1 Nd5 13. Ne1 Ncb4 14. Nc3 Rc8 15. Na2
Nxa2 16. Rxa2 c5 17. dxc5 Bxc5 18. Nd3 Qb6 19. Ba5 Qa7 20. Ne5 Bb4 21. Rxc8 Rxc8
22. Bxd5 Bxa5 23. Qf3 Be8 24. Bb7 Rc1+ 25. Kg2 Qb6 26. b4 Qc7 27. Nd3 Rc3 28.
Rxa5 Rxd3 29. Rxa6 Rd8 30. h4 h6 31. Bc6 Bxc6 32. Qxc6 Qe5 33. Ra7 Qd5+ 34. Qxd5
Rxd5 35. Rb7 f5 36. Kf3 Kf8 37. e4 fxe4+ 38. Kxe4 Rf5 39. f4 g6 40. g4 Rd5 41.
Rh7 h5 42. g5 Kg8 43. Rb7 Kf8 44. Ke3 Kg8 45. Ke4 Kf8 46. Rc7 Kg8 47. Re7 Kf8
48. Rxe6 Kf7 49. Kxd5 1-0

[Event "Women's Speed Chess Q4"]
[Site "chess.com INT"]
[Date "2021.06.03"]
[Round "5"]
[White "Arpita, Mukherjee"]
[Black "Starosta, Martyna"]
[Result "0-1"]
[WhiteTitle "WIM"]
[BlackTitle "WCM"]
[WhiteElo "2206"]
[BlackElo "1910"]
[WhiteFideId "5056403"]
[BlackFideId "21818754"]
[EventDate "2021.06.03"]

1. e4 c5 2. Nf3 d6 3. Bb5+ Bd7 4. Bxd7+ Qxd7 5. c4 Nc6 6. d4 cxd4 7. Nxd4 g6 8.
Nc3 Bg7 9. Be3 Nf6 10. f3 O-O 11. O-O Rac8 12. b3 e6 13. Nde2 Rfd8 14. Qd2 d5
15. cxd5 exd5 16. Rad1 dxe4 17. Nxe4 Qxd2 18. Nxf6+ Bxf6 19. Rxd2 Re8 20. Bh6
Rcd8 21. Rxd8 Rxd8 22. Ng3 Bd4+ 23. Kh1 Bg7 24. Bg5 f6 25. Be3 Rd3 26. Bf4 Rd4
27. Be3 Rd3 28. Bf4 g5 29. Bc7 Rd2 30. Nf5 Rxa2 31. g4 Rb2 32. Rd1 Bf8 33. Rd7
Rxb3 34. h4 gxh4 35. Nxh4 a5 36. Nf5 Rxf3 37. Kg2 Rb3 38. Bf4 a4 39. Bh6 a3 40.
Rc7 Bxh6 41. Nxh6+ Kf8 42. Nf5 Ke8 43. Rc8+ Kd7 44. Ra8 Rb2+ 45. Kf3 a2 46. Ke4
Rb4+ 47. Kd5 Rb5+ 48. Kc4 Ra5 0-1

[Event "Women's Speed Chess Q4"]
[Site "chess.com INT"]
[Date "2021.06.03"]
[Round "5"]
[White "Balabayeva, Xeniya"]
[Black "Luong, Phuong Hanh"]
[Result "0-1"]
[WhiteTitle "WFM"]
[BlackTitle "WIM"]
[WhiteElo "2178"]
[BlackElo "2229"]
[WhiteFideId "13719688"]
[BlackFideId "12401013"]
[EventDate "2021.06.03"]

1. e4 c5 2. Nf3 e6 3. g3 d6 4. Bg2 Nf6 5. Qe2 Be7 6. O-O O-O 7. c3 Nc6 8. d4
cxd4 9. cxd4 Bd7 10. Nc3 Rc8 11. Rd1 a6 12. Be3 Ng4 13. Bf4 Qa5 14. Rac1 b5 15.
h3 Nf6 16. e5 Nh5 17. Bd2 b4 18. exd6 bxc3 19. Bxc3 Qxa2 20. dxe7 Nxe7 21. Ne5
Nf6 22. Ra1 Qb3 23. Qxa6 Bb5 24. Qa3 Qxa3 25. Rxa3 Ned5 26. f4 h6 27. Kf2 Rfd8
28. Rda1 Rb8 29. Rb3 Be8 30. Rxb8 Rxb8 31. Ra7 Rc8 32. Ra3 Rb8 33. Nd3 g6 34.
Nc5 Rc8 35. b4 Rb8 36. Nd3 Bb5 37. Nc5 Bc4 38. Bd2 Nxb4 39. Ra4 Nd3+ 40. Nxd3
Bxd3 41. Ke3 Bb5 42. Rb4 Ne8 43. Bf1 Nc7 44. Rb1 Rb7 45. Ba5 Nd5+ 0-1

[Event "Women's Speed Chess Q4"]
[Site "chess.com INT"]
[Date "2021.06.03"]
[Round "5"]
[White "Selkirk, Rebecca"]
[Black "Nguyen, Thi Thanh An"]
[Result "1-0"]
[WhiteTitle "WCM"]
[BlackTitle "WGM"]
[WhiteElo "1799"]
[BlackElo "2259"]
[WhiteFideId "14306514"]
[BlackFideId "12400300"]
[EventDate "2021.06.03"]

1. e4 c6 2. d4 d5 3. exd5 cxd5 4. c4 Nf6 5. Nc3 Nc6 6. Bg5 Ne4 7. Nxe4 dxe4 8.
d5 Ne5 9. Bf4 Ng6 10. Be3 e6 11. f3 exd5 12. cxd5 exf3 13. Nxf3 Bb4+ 14. Bd2
Bxd2+ 15. Qxd2 O-O 16. Be2 Qb6 17. Qd4 Rd8 18. O-O-O Bf5 19. b3 Rac8+ 20. Bc4
Qa5 21. Kb2 b5 22. Bd3 Bxd3 23. Qxd3 b4 24. Qe4 Qa3+ 25. Kb1 Re8 26. Qd4 Re2 27.
Rd2 Rce8 28. Rhd1 h6 29. Rxe2 Rxe2 30. Rd2 Re8 31. d6 Qa5 32. d7 Rd8 33. Re2 Nf8
34. Re7 Qf5+ 35. Kb2 Rxd7 36. Rxd7 Qxd7 37. Qxd7 Nxd7 38. Nd4 a5 39. Nc6 a4 40.
Nxb4 axb3 41. axb3 Nb6 42. Nc6 1-0

[Event "Women's Speed Chess Q4"]
[Site "chess.com INT"]
[Date "2021.06.03"]
[Round "5"]
[White "Bodnaruk, Anastasia"]
[Black "Nguyen, Thi Mai Hung"]
[Result "1-0"]
[WhiteTitle "IM"]
[BlackTitle "WGM"]
[WhiteElo "2457"]
[BlackElo "2254"]
[WhiteFideId "4181751"]
[BlackFideId "12401676"]
[EventDate "2021.06.03"]

1. e4 e6 2. d4 d5 3. e5 c5 4. c3 Nc6 5. Nf3 Qb6 6. a3 c4 7. Be2 Bd7 8. O-O Na5
9. Nbd2 Ne7 10. Ne1 Nc8 11. f4 Be7 12. g3 Qc7 13. Ng2 Nb6 14. Ne3 O-O-O 15. f5
f6 16. fxe6 Bxe6 17. Bg4 Qd7 18. Bxe6 Qxe6 19. Nf3 Kb8 20. Qc2 g5 21. Qf5 Qc6
22. exf6 Bxf6 23. Ng4 Nb3 24. Nxf6 Nxa1 25. Ne5 Qb5 26. Nf7 h6 27. Nxh8 Rxh8 28.
Ng4 Qe8 29. Ne5 Nb3 30. Be3 a6 31. Qf6 Ka7 32. Qd6 Rh7 33. Rf6 Nc8 34. Qxd5 Re7
35. Qxc4 Na5 36. Qc5+ b6 37. Qd5 h5 38. b4 Nb7 39. Nc6+ Ka8 40. Nxe7 Qxe7 41.
Qe5 Qd7 42. Rf8 Ka7 43. Qe8 Qc7 44. Bf2 Nbd6 45. Qe3 Qc4 46. Rd8 a5 47. bxa5
bxa5 48. d5+ Ka6 49. Rxd6+ Nxd6 50. Qb6# 1-0

[Event "Women's Speed Chess Q4"]
[Site "chess.com INT"]
[Date "2021.06.03"]
[Round "5"]
[White "Jakubowska, Anna"]
[Black "Vantika, Agrawal"]
[Result "1-0"]
[WhiteTitle "WIM"]
[BlackTitle "WIM"]
[WhiteElo "2073"]
[BlackElo "2286"]
[WhiteFideId "1121952"]
[BlackFideId "25050389"]
[EventDate "2021.06.03"]

1. e4 c5 2. Nc3 d6 3. g3 g6 4. Bg2 Bg7 5. d3 Nc6 6. Nh3 e6 7. O-O Nge7 8. f4 O-O
9. Be3 Rb8 10. Qd2 Nd4 11. Nd1 b5 12. c3 Ndc6 13. f5 exf5 14. exf5 Bxf5 15. Rxf5
gxf5 16. Bh6 Ne5 17. Bxg7 Kxg7 18. Ne3 N5g6 19. Rf1 Qd7 20. Ng5 h6 21. Nf3 b4
22. h4 bxc3 23. bxc3 Qe6 24. Bh3 Qf6 25. h5 Ne5 26. Nh4 Qg5 27. Nexf5+ Nxf5 28.
Nxf5+ Kh7 29. Qg2 Nxd3 30. Nxd6 Qe3+ 31. Kh1 Rb2 32. Qf3 Nf2+ 33. Kg2 Qxf3+ 34.
Kxf3 Nxh3 35. Kg4 Ng5 36. Rf6 Rxa2 37. Nf5 Re8 38. Rxh6+ Kg8 39. Kxg5 a5 40. Rc6
Rf2 41. Nh6+ Kg7 42. Nf5+ Kh7 43. Rc7 Rf8 44. Rc6 a4 45. Rh6+ Kg8 46. Ra6 Re8
47. Rxa4 Re5 48. Rf4 Rxf4 49. gxf4 Re2 50. h6 Kh7 51. Kf6 Rf2 52. Ke5 f6+ 53.
Ke4 Kg6 54. c4 1-0

[Event "Women's Speed Chess Q4"]
[Site "chess.com INT"]
[Date "2021.06.03"]
[Round "5"]
[White "Nandhidhaa, P V"]
[Black "Cyfka, Karina"]
[Result "1/2-1/2"]
[WhiteTitle "WGM"]
[BlackTitle "IM"]
[WhiteElo "2365"]
[BlackElo "2415"]
[WhiteFideId "5050847"]
[BlackFideId "1122681"]
[EventDate "2021.06.03"]

1. b3 e5 2. Bb2 Nc6 3. Nf3 d6 4. d4 e4 5. d5 Nce7 6. Ng5 f5 7. Nh3 Ng6 8. e3 Nf6
9. Bb5+ Bd7 10. Nc3 c6 11. dxc6 bxc6 12. Be2 d5 13. O-O Bd6 14. Na4 O-O 15. c4
Kh8 16. cxd5 cxd5 17. Nc3 Be6 18. Nb5 Be5 19. Bxe5 Nxe5 20. Nf4 Bf7 21. Nd4 Qd7
22. Bb5 Qb7 23. Rc1 Rac8 24. Rxc8 Rxc8 25. Nxf5 Qxb5 26. Nd6 Qd7 27. Nxc8 Qxc8
28. Qd4 Qc7 29. h4 h6 30. Rd1 g5 31. hxg5 hxg5 32. Nh3 Neg4 33. g3 Qc2 34. Rf1
Bg6 35. Nxg5 Kg7 36. Ne6+ Kf7 37. Nf4 Qxa2 38. Nxd5 Bf5 39. Nxf6 Nxf6 40. Rc1
Qxb3 41. Qxa7+ Kg6 42. Qd4 Bg4 43. Rc6 Qf7 44. Qxe4+ Bf5 45. Qf4 Qd5 46. Rd6 Qb3
47. g4 Kf7 48. Rxf6+ Kxf6 49. Qxf5+ Kg7 50. Kg2 Qd1 51. f3 Qe2+ 52. Kg3 Qxe3 53.
Qf4 Qg1+ 54. Kh3 Qh1+ 55. Qh2 Qxf3+ 56. Kh4 Qf6+ 57. g5 Qd4+ 58. Kh3 Kg6 59. Qg3
Qd7+ 60. Qg4 Qd3+ 61. Qg3 Qf5+ 62. Qg4 Qxg5 63. Qxg5+ Kxg5 1/2-1/2

[Event "Women's Speed Chess Q4"]
[Site "chess.com INT"]
[Date "2021.06.03"]
[Round "5"]
[White "Nurmanova, Alua"]
[Black "Mohota, Nisha"]
[Result "1-0"]
[WhiteTitle "WFM"]
[BlackTitle "IM"]
[WhiteElo "2008"]
[BlackElo "2195"]
[WhiteFideId "13729390"]
[BlackFideId "5004330"]
[EventDate "2021.06.03"]

1. e4 Nf6 2. e5 Nd5 3. d4 d6 4. Nf3 dxe5 5. Nxe5 c6 6. c4 Nb4 7. Be3 Bf5 8. Na3
Qa5 9. Qd2 e6 10. g4 Bg6 11. h4 f6 12. Nxg6 hxg6 13. c5 b6 14. Nc4 Nc2+ 15. Kd1
Qxd2+ 16. Kxd2 Nxa1 17. Bg2 Nd7 18. Bxc6 Rc8 19. Bb7 Rc7 20. c6 Nb8 21. Bf4 Rxc6
22. Bxc6+ Nxc6 23. Rxa1 Nxd4 24. Bg3 Nf3+ 25. Ke2 Nxh4 26. Rc1 g5 27. Ne3 Kf7
28. Rc7+ Be7 29. Rxa7 Ng6 30. Rb7 Ra8 31. a3 Ra6 32. Nc4 e5 33. Rxb6 Rxb6 34.
Nxb6 Ke6 35. a4 Bb4 36. f3 Kd6 37. Kd3 Kc6 38. Nc4 Bc5 39. Be1 Nf4+ 40. Ke4 Bd4
41. b4 Kb7 42. b5 Ne6 43. a5 Nc5+ 44. Kd5 Nb3 45. a6+ Kc7 46. Bb4 Bf2 47. Bd6+
Kc8 48. b6 Bxb6 49. Nxb6+ 1-0

[Event "Women's Speed Chess Q4"]
[Site "chess.com INT"]
[Date "2021.06.03"]
[Round "5"]
[White "Girya, Olga"]
[Black "Mammadova, Gulnar"]
[Result "1-0"]
[WhiteTitle "WGM"]
[BlackTitle "IM"]
[WhiteElo "2451"]
[BlackElo "2382"]
[WhiteFideId "4195752"]
[BlackFideId "13403508"]
[EventDate "2021.06.03"]

1. d4 g6 2. e4 Bg7 3. Nf3 d6 4. Bd3 Nc6 5. c3 e5 6. dxe5 Nxe5 7. Nxe5 Bxe5 8. f4
Bg7 9. O-O Ne7 10. Nd2 O-O 11. Nf3 d5 12. e5 Bf5 13. Be3 b6 14. Bxf5 Nxf5 15.
Bf2 h5 16. Qd3 c6 17. Rad1 Qc7 18. Rfe1 Rad8 19. b4 Bh6 20. g3 Rfe8 21. Kg2 Bf8
22. Ng5 Bh6 23. Nf3 Bf8 24. h3 c5 25. bxc5 bxc5 26. Qb5 Rb8 27. Qa4 Qb7 28. Rb1
Qc7 29. Rxb8 Rxb8 30. e6 Rb2 31. Qd7 Rb7 32. exf7+ Kg7 33. Qxd5 Qxf7 34. Qxf7+
Rxf7 35. Ne5 Rb7 36. Re2 Rb1 37. g4 hxg4 38. hxg4 Nh6 39. Rd2 Rb7 40. Kf3 Be7
41. Rd7 Rxd7 42. Nxd7 c4 43. Bxa7 Nf7 44. Bd4+ Kg8 45. a4 Nd6 46. a5 Nb5 47. a6
Nc7 48. a7 Kf7 49. Nb6 g5 50. a8=Q Nxa8 51. Nxa8 gxf4 52. Nb6 Ke6 53. Nxc4 Kd5
54. Ne5 Bg5 55. Ng6 Kc4 56. Nxf4 Be7 57. Nh3 Kd5 58. g5 Ke6 59. Kg4 Kf7 60. Kf5
Bd6 61. g6+ Kg8 62. Ng5 Be7 63. Ne4 Bd8 64. g7 Kf7 65. c4 Kg8 66. Kg6 1-0

[Event "Women's Speed Chess Q4"]
[Site "chess.com INT"]
[Date "2021.06.03"]
[Round "5"]
[White "Gevorgyan, Maria"]
[Black "Osmak, Iulija"]
[Result "1-0"]
[WhiteTitle "WGM"]
[BlackTitle "IM"]
[WhiteElo "2219"]
[BlackElo "2425"]
[WhiteFideId "13300270"]
[BlackFideId "14101602"]
[EventDate "2021.06.03"]

1. e4 e6 2. d4 d5 3. Bd3 dxe4 4. Bxe4 Nf6 5. Bf3 Bd6 6. Ne2 Nbd7 7. c4 e5 8.
Nbc3 exd4 9. Nxd4 O-O 10. O-O Ne5 11. Bg5 h6 12. Bh4 Be7 13. Be2 Ng6 14. Bg3 c6
15. Bf3 Bb4 16. Nce2 Bg4 17. Qb3 Bxf3 18. Nxf3 Qb6 19. Rad1 Rfe8 20. Ned4 Ne4
21. Nf5 Bf8 22. Qc2 Nxg3 23. hxg3 Rad8 24. N3d4 Bc5 25. Nb3 Bf8 26. a3 Ne5 27.
Qc3 Rxd1 28. Rxd1 Ng4 29. c5 Qc7 30. Nd6 Qe7 31. Nd4 Rd8 32. Rf1 Qd7 33. N4f5 g6
34. Nh4 Bxd6 35. cxd6 Qxd6 36. Qc4 Qe6 37. Qb4 Rd7 38. Re1 Qd6 39. Qxg4 Kg7 40.
Nf3 Qd3 41. Ne5 Qd2 42. Rf1 Re7 43. Nc4 Qd5 44. Ne3 Qe5 45. Rd1 Kh7 46. Rd8 Qxb2
47. Qc8 Qa1+ 48. Kh2 h5 49. Rf8 Qg7 50. Qd8 Re4 51. Nc2 Re5 52. Nd4 Rd5 53. Qe7 1-0

[Event "Women's Speed Chess Q4"]
[Site "chess.com INT"]
[Date "2021.06.03"]
[Round "5"]
[White "Nikolova, Adriana"]
[Black "Enkhtuul, Altan-Ulzii"]
[Result "1-0"]
[WhiteTitle "WGM"]
[BlackTitle "WGM"]
[WhiteElo "2243"]
[BlackElo "2228"]
[WhiteFideId "2908689"]
[BlackFideId "4901444"]
[EventDate "2021.06.03"]

1. e4 Nf6 2. e5 Nd5 3. d4 d6 4. Nf3 Bg4 5. Be2 e6 6. O-O Be7 7. exd6 cxd6 8. c4
Nb6 9. b3 O-O 10. Nc3 Bf6 11. Be3 d5 12. c5 Nc8 13. b4 a6 14. a4 Nc6 15. b5 Na5
16. bxa6 bxa6 17. h3 Bxf3 18. Bxf3 Ne7 19. Be2 Nf5 20. Rb1 Nc6 21. Rb6 Ncxd4 22.
Bxa6 Nxe3 23. fxe3 Nf5 24. Qd3 Nxe3 25. Rd6 Nxf1 26. Rxd8 Rfxd8 27. Bb7 Bxc3 28.
Qxc3 d4 29. Qd3 Rxa4 30. Kxf1 Ra1+ 31. Kf2 Ra2+ 32. Kg1 e5 33. Be4 g6 34. c6
Ra1+ 35. Kh2 Rc8 36. Qc4 Kg7 37. Bd5 Rd1 38. Bxf7 Rc7 39. Be6 d3 40. Qd5 Kf6 41.
Bd7 d2 42. Qd6+ Kg5 43. Bg4 Rxc6 44. Qxe5+ Kh6 45. Bxd1 Rc1 46. Qe3+ Kg7 47.
Qxd2 Rc7 48. Qd4+ Kh6 49. Bf3 Rf7 50. Qh4+ Kg7 51. Qc4 Re7 52. Bd5 Kh6 53. h4 1-0

[Event "Women's Speed Chess Q4"]
[Site "chess.com INT"]
[Date "2021.06.03"]
[Round "5"]
[White "Mkrtchian, Lilit"]
[Black "Pavlidou, Ekaterini"]
[Result "1-0"]
[WhiteTitle "IM"]
[BlackTitle "WIM"]
[WhiteElo "2388"]
[BlackElo "2157"]
[WhiteFideId "13300601"]
[BlackFideId "4213262"]
[EventDate "2021.06.03"]

1. e4 c5 2. Nc3 Nc6 3. Nge2 e5 4. Nd5 d6 5. Nec3 Be6 6. Bc4 a6 7. d3 b5 8. Bb3
Nd4 9. O-O Ne7 10. f4 Nxb3 11. axb3 Nxd5 12. exd5 Bd7 13. fxe5 dxe5 14. Qh5 Qe7
15. Bg5 g6 16. Bxe7 gxh5 17. Bf6 Rg8 18. Rae1 Bd6 19. Ne4 Be7 20. d6 Bf8 21.
Bxe5 O-O-O 22. Nxc5 Bc6 23. Re2 Bxd6 24. Bxd6 Rxd6 25. Rxf7 Rdg6 26. Ne4 h4 27.
Rxh7 Rg4 28. h3 Rf4 29. Rf2 Bxe4 30. Rxf4 Bxh7 31. Rxh4 Bf5 32. g4 Bd7 33. Kf2
Kc7 34. Rh7 Kd6 35. Rh6+ Be6 36. Ke3 b4 37. c3 bxc3 38. bxc3 Rb8 39. b4 Rc8 40.
Kd4 Rd8 41. c4 Rb8 42. c5+ Ke7 43. Rh7+ Kf6 44. Rh6+ Ke7 45. Kc3 Rf8 46. Kd4
Rf4+ 47. Ke5 Rxb4 48. Rxe6+ Kd7 49. Rxa6 Rb1 50. d4 Rh1 51. Kd5 Rxh3 52. Ra7+
Kc8 53. Kc6 Rh6+ 54. Kb5 Rh4 55. c6 Rxg4 56. d5 Rg1 57. Kc5 Rg6 58. Ra8+ Kc7 59.
Re8 Rf6 60. Re6 Rf1 61. Re7+ Kd8 62. Kd6 Rf6+ 63. Re6 Rf7 64. Rh6 Rf8 65. Rh7
Kc8 66. Kc5 Rf5 67. Kb6 Rf1 68. Rh8+ 1-0